000 00878nam a2200289Ia 4500
003 OSt
005 20220924115420.0
006 a|||||r|||| 00| 0
007 ta
008 220923b |||||||| |||| 00| 0 san d
020 _a9788180902666 (hbk)
020 _c850
024 _a284798
037 _b827, 03/03/2015, Anshika Book International
_cTextual
040 _aARTS
_cARTS
_bsan
041 _2san
_asan
082 _aQ2:4x2,1,2, Q1
100 _aYajnavalkya
245 0 _aYajnavalkya - smrtih
260 _aDelhi
_bBharatiya Kala Prakashan India
_c2011
300 _axx, 698p.
_ccm.
650 _aRELIGION
700 _a Dutt M. N. Tr.
700 _a Panda R. N. Ed.
_9178184
942 _hQ2:4x2,1,2, Q1
_cTEXL
_2CC
999 _c398259
_d398259